000 00768nam a2200241Ia 4500
003 OSt
005 20220923212314.0
006 a|||||r|||| 00| 0
007 ta
008 220922b |||||||| |||| 00| 0 hin d
024 _a152,122
037 _cTextual
040 _aARTS
_cARTS
_bhin
041 _2hin
_ahin
082 _aO111,3N15,3, 152N4
100 _aखुशवंत सिंह
245 0 _aदिल्ली, अनु उषा महाजन
246 _aDillī, anu0 uṣhā hinājana
260 _aनई दिल्ली
_b किताबघर प्रकाशन
_c1994
300 _a334 पृ.
_ccm.
942 _hO111,3N15,3, 152N4
_cTEXL
_2CC
999 _c307794
_d307794